000 00777cam a2200265 a 4500
005 20260322212006.0
008 data
010 _a89006303
020 _a0671638688 :
_c{dollar}17.95
020 _a9780671638689 :
_c{dollar}17.95
040 _aDLC
_cDLC
_dWSU
_dWSU
043 _an-us---
050 0 _aPN2287.R218
_bA3 1989
082 0 _aB
_aB
_220
096 _aQZ 200 R129 1989
100 1 _aRadner, Gilda.
245 1 0 _aIt's always something /
_cGilda Radner.
260 0 _aNew York :
_aNew York :
_bSimon and Schuster,
_cc1989.
300 _a269 p., [16] p. of plates :
_bill. ;
_c23 cm.
600 1 0 _aRadner, Gilda.
650 0 _aComedians
_zUnited States
_xBiography.
650 0 _aCancer
_xBiography.
_xBiography.
650 2 _aNeoplasms
_xpersonal narratives.
001 data
999 _c102
_d102